[Event "Voronezh Winter op 2nd"]
[Site "Voronezh"]
[Date "2007.12.05"]
[Round "2"]
[White "Vorotnikov, Vladislav Jr"]
[Black "Polyansky, Viktor"]
[Result "0-1"]
[WhiteElo "2010"]
[BlackElo "2079"]
[PlyCount "85"]
[EventDate "2007.12.04"]
[EventType "tourn"]
[EventRounds "9"]
[EventCountry "RUS"]
[SourceTitle "EXT 2022"]
[Source "ChessBase"]
[SourceDate "2021.10.06"]
[SourceVersion "1"]
[SourceVersionDate "2021.10.06"]
[SourceQuality "1"]

1. d4 f5 2. c4 Nf6 3. Nf3 g6 4. g3 Bg7 5. Bg2 0-0 6. 0-0 d6 7. Nc3 Nc6 8. Re1 Ne4 9. Be3 Nxc3 10. bxc3 e5 11. Bg5 Qe8 12. e4 f4 13. gxf4 h6 14. Bh4 exf4 15. e5 dxe5 16. Nxe5 Nxe5 17. f3 Qc6 18. dxe5 g5 19. Bf2 Be6 20. c5 Rad8 21. Bd4 g4 22. Qe2 Bd5 23. Rf1 Qe6 24. Rf2 g3 25. hxg3 fxg3 26. Rff1 Bc4 27. Qe4 Bxf1 28. Rxf1 Qxa2 29. f4 Qd2 30. Qg6 Rxd4 31. cxd4 Qxd4+ 32. Kh1 Rxf4 33. Qxg3 Rxf1+ 34. Bxf1 Qd5+ 35. Bg2 Qxe5 36. Qxe5 Bxe5 37. Bxb7 Kg7 38. Bd5 a5 39. Kg2 a4 40. Kf3 a3 41. Ke4 Kf6 42. Ke3 h5 43. c6 0-1

[Event "Voronezh Winter op 2nd"]
[Site "Voronezh"]
[Date "2007.12.04"]
[Round "1"]
[White "Cherednichenko, Viktor"]
[Black "Vorotnikov, Vladislav Jr"]
[Result "0-1"]
[WhiteElo "1960"]
[BlackElo "2010"]
[PlyCount "84"]
[EventDate "2007.12.04"]
[EventType "tourn"]
[EventRounds "9"]
[EventCountry "RUS"]
[SourceTitle "EXT 2022"]
[Source "ChessBase"]
[SourceDate "2021.10.06"]
[SourceVersion "1"]
[SourceVersionDate "2021.10.06"]
[SourceQuality "1"]

1. e4 c6 2. d4 g6 3. f4 d5 4. e5 h5 5. Bd3 Nh6 6. c3 Bg7 7. Qc2 Bf5 8. Nf3 e6 9. b3 0-0 10. Ba3 Re8 11. Nbd2 Nd7 12. Nf1 Bxd3 13. Qxd3 Nf5 14. Ne3 Nxe3 15. Qxe3 Bf8 16. Bxf8 Rxf8 17. f5 exf5 18. Qh6 Re8 19. Ng5 Nf8 20. 0-0 f6 21. Nh7 Nxh7 22. Qxg6+ Kh8 23. Rxf5 Rg8 24. Qxh5 fxe5 25. h4 Rg7 26. Raf1 Qg8 27. Rf7 Re8 28. Rxg7 Kxg7 29. Rf3 Qe6 30. dxe5 Qg6 31. Rf5 Qxh5 32. Rxh5 Kg6 33. g4 Nf8 34. Rf5 Nd7 35. Rg5+ Kf7 36. Rf5+ Ke6 37. Kg2 Nxe5 38. Kg3 c5 39. h5 d4 40. cxd4 cxd4 41. Rf4 Rd8 42. g5 d3 0-1

[Event "Voronezh Region-ch U20"]
[Site "Voronezh "]
[Date "2006.12.02"]
[Round "7"]
[White "Vorotnikov, Vladislav Jr"]
[Black "Elfimov, Kirill"]
[Result "0-1"]
[WhiteElo "2110"]
[BlackElo "1976"]
[PlyCount "48"]
[EventDate "2006.12.02"]
[EventType "tourn"]
[EventRounds "11"]
[EventCountry "RUS"]
[SourceTitle "EXT 2008"]
[Source "ChessBase"]
[SourceDate "2007.11.25"]
[SourceVersion "1"]
[SourceVersionDate "2007.11.25"]
[SourceQuality "1"]

1. d4 Nf6 2. c4 d6 3. Nc3 Bf5 4. f3 e5 5. e4 exd4 6. Qxd4 Be6 7. Be3 g6 8. Nge2 Nc6 9. Qd3 Ne5 10. Qc2 Nxc4 11. Bg5 Bg7 12. Nd4 Nb6 13. Rd1 h6 14. Ncb5 0-0 15. Bxf6 Qxf6 16. Qxc7 d5 17. Bd3 dxe4 18. Bxe4 Nd5 19. Qc1 a6 20. Nxe6 fxe6 21. Nd4 Nf4 22. Qc4 Rad8 23. Nxe6 Rxd1+ 24. Kxd1 Re8 0-1

[Event "Voronezh Region-ch U20"]
[Site "Voronezh "]
[Date "2006.11.29"]
[Round "4"]
[White "Vorotnikov, Vladislav Jr"]
[Black "Kalienko, Mikhail"]
[Result "1/2-1/2"]
[WhiteElo "2110"]
[BlackElo "2045"]
[PlyCount "69"]
[EventDate "2006.12.02"]
[EventType "tourn"]
[EventRounds "11"]
[EventCountry "RUS"]
[SourceTitle "EXT 2008"]
[Source "ChessBase"]
[SourceDate "2007.11.25"]
[SourceVersion "1"]
[SourceVersionDate "2007.11.25"]
[SourceQuality "1"]

1. d4 c6 2. c4 d5 3. Nc3 Nf6 4. Nf3 e6 5. e3 Bd6 6. Bd3 Nbd7 7. 0-0 0-0 8. e4 dxe4 9. Nxe4 Nxe4 10. Bxe4 Nf6 11. Bc2 c5 12. dxc5 Bxc5 13. Qe2 Qc7 14. Bg5 Be7 15. Ne5 b6 16. Rad1 Bb7 17. Bxf6 Bxf6 18. Nd7 Rfd8 19. Qd3 Rxd7 20. Qxd7 Qc6 21. Qxc6 Bxc6 22. Rd6 Be8 23. Rfd1 g6 24. b3 Be7 25. R6d4 f5 26. Re1 Kf7 27. Bd1 Rc8 28. Bf3 Kf6 29. Bb7 Rc7 30. Ba6 e5 31. Rd5 Bb4 32. Red1 Bc5 33. Bb5 Bxb5 34. cxb5 Ke6 35. R1d2 1/2-1/2

[Event "Voronezh Region-ch U20"]
[Site "Voronezh "]
[Date "2006.11.26"]
[Round "1"]
[White "Kovalenko, Sergey P"]
[Black "Vorotnikov, Vladislav Jr"]
[Result "1-0"]
[WhiteElo "2126"]
[BlackElo "2110"]
[PlyCount "71"]
[EventDate "2006.12.02"]
[EventType "tourn"]
[EventRounds "11"]
[EventCountry "RUS"]
[SourceTitle "EXT 2008"]
[Source "ChessBase"]
[SourceDate "2007.11.25"]
[SourceVersion "1"]
[SourceVersionDate "2007.11.25"]
[SourceQuality "1"]

1. d4 Nf6 2. c4 g6 3. Nc3 d5 4. cxd5 Nxd5 5. e4 Nxc3 6. bxc3 Bg7 7. Bc4 0-0 8. Be3 Nc6 9. Ne2 Na5 10. Bd3 c5 11. 0-0 cxd4 12. cxd4 Be6 13. Qa4 a6 14. d5 Bd7 15. Qb4 b5 16. Rac1 Nc4 17. Bxc4 bxc4 18. Nd4 Bb5 19. a4 Bd7 20. Rxc4 Bxd4 21. Rxd4 Rb8 22. Qa3 Qe8 23. Bh6 f5 24. Bxf8 Qxf8 25. e5 Qg7 26. f4 Kh8 27. Rb4 Rg8 28. e6 a5 29. Rc4 Bc8 30. Rc2 Qd4+ 31. Kh1 Ba6 32. Qa1 Qxa1 33. Rxa1 Rb8 34. h3 Rb4 35. Rc7 Rxf4 36. Rxe7 1-0